00174 a2200073 450000100060000010000370000624500310004326000260007420937 aInternational Labor Organization aIntroduction to work study abInt Labour Ofc1969